| 000 | 00825nam a22001697a 4500 | ||
|---|---|---|---|
| 005 | 20220225104415.0 | ||
| 008 | 220222b ||||| |||| 00| 0 eng d | ||
| 020 | _a9781138554658 | ||
| 050 | _aJZ1305.S4839 | ||
| 100 | _aSharp, Paul. | ||
| 245 |
_aDiplomacy in the 21st century: a brief introduction. / _cPaul Sharp. |
||
| 260 |
_aNew York : _bRoutledge, _c2019. |
||
| 300 |
_a 139 p. : _c25 cm. |
||
| 500 | _aIncludes index. | ||
| 505 | _aContents: Diplomacy and diplomats: Introduction: What are we talking about when we talk about diplomacy: -- Why we need diplomacy and diplomats -- The modern diplomatic system of states -- Diplomacy and "the three bads" of international relations: Diplomacy and bad leaders -- Diplomacy and bad media -- Diplomacy and bad followers -- Diplomacy and bad diplomats. | ||
| 942 |
_2lcc _cBK |
||
| 999 |
_c8758 _d16258 |
||